000 02353nam a2200337Ia 4500
999 _c53369
_d53369
001 20412
003 GE_BSU
005 20200930202112.0
008 181216s2009||||ge |||||||||||||| ||geo||
020 _a9789941416149
040 _cGE_BSU
041 _ageo
080 _a376.2 ი-56
245 _aინდივიდუალური საგანმანათლებლო გეგმა ისგ :
_bგზამკვლევი მასწავლებლებისა და სასკოლო ადმინისტრაციისათვის /
_cავტ.-შემდგ. : ნინო გოგიჩაძე, ნატა მეთარიშვილი, თეონა ლოდია, გიორგი ბისეიშვილი ; რედ. : მადონა ხარებავა ; მხატვ. ზურაბ სულაკაური.
250 _aინვალიდ ქალთა და ინვალიდ ბავშვთა დედათა ასოციაცია - დეა
264 _aთბილისი :
_bნეკერი,
_c2009.
300 _a84 გვ. ;
_c21 სმ.
504 _aბიბლიოგრაფია გვ. 84.
653 _aინდივიდუალური საგანმანათლებლო გეგმა ისგ
653 _a გზამკვლევი მასწავლებლებისა და სასკოლო ადმინისტრაციისათვის
653 _aინკლუზიური განათლება.
653 _aპერიოდიკა
700 _aგოგიჩაძე, ნინო
_eავტორი
_92759
700 _aმეთარიშვილი, ნატა
_eავტორი
_92760
700 _aლოდია, თეონა
_eავტორი
_92761
700 _aბისეიშვილი, გიორგი
_eავტორი
_92762
700 _aხარებავა, მადონა
_eრედაქტორი
_99573
700 _aსულაკაური, ზურაბ
_eმხატვარი
_92763
856 _uwww.adw-dea.org.ge
_yელ.მისამართი
942 _cBK
_2udc